[Event "Irish New Year-GM 2022"]
[Site "Dublin"]
[Date "2022.01.06"]
[Round "9.1"]
[White "Murphy, Conor E"]
[Black "Arkell, Keith C"]
[Result "1-0"]
[WhiteElo "2431"]
[BlackElo "2370"]
[Annotator "NA"]
[PlyCount "83"]
[EventDate "2022.01.02"]
[EventType "tourn"]
[EventCountry "IRL"]
[SourceTitle "playchess.com"]
[Source "ChessBase"]
[SourceQuality "1"]
[TimeControl "5400+30"]

1. e4 {[%emt 0:03:01]} g6 {[%emt 0:00:17]} 2. d4 {[%emt 0:00:15]} Bg7 {[%emt 0:00:06]} 3. Nf3 {[%emt 0:00:33]} c6 {[%emt 0:00:27]} 4. h3 {[%emt 0:00:36]} d6 {[%emt 0:00:19]} 5. Bc4 {[%emt 0:05:19]} d5 {[%emt 0:00:14]} 6. Bb3 {[%emt 0:00:21]} dxe4 {[%emt 0:10:18]} 7. Ng5 $1 {[%emt 0:00:40]} e6 {[%emt 0:01:25]} 8. c3 {[%emt 0:04:53]} Nf6 {[%emt 0:00:16]} 9. Qe2 {[%emt 0:02:20]} h6 {[%emt 0:00:56]} (9... b6 $11) 10. Nxe4 {[%emt 0:00:14]} Nxe4 {[%emt 0:00:04]} 11. Qxe4 {[%emt 0:00:07]} Nd7 {[%emt 0:00:13]} 12. O-O {[%emt 0:03:00]} Nf6 {[%emt 0:00:08]} 13. Qf3 {[%emt 0:02:33]} O-O {[%emt 0:00:07]} 14. Re1 {[%emt 0:02:37]} a5 {[%emt 0:05:32]} 15. a4 {[%emt 0:06:07]} Qb6 {[%emt 0:05:46]} 16. Nd2 {[%emt 0:01:19]} Nd5 {[%emt 0:00:17]} 17. Ba2 {[%emt 0:05:28]} Bd7 {[%emt 0:00:29]} 18. Nc4 {[%emt 0:02:44]} Qc7 {[%emt 0:00:06]} 19. Ne5 {[%emt 0:00:35]} Rad8 {[%emt 0:00:19]} 20. Ng4 $14 {[%emt 0:04:02]} h5 {[%emt 0:06:07]} 21. Ne5 {[%emt 0:00:58]} c5 {[%emt 0:01:32]} 22. Bxd5 {[%emt 0:20:03]} exd5 {[%emt 0:01:19]} 23. Bf4 {[%emt 0:00:19]} Qb6 {[%emt 0:18:40]} 24. Qxd5 {[%emt 0:01:25]} Bxh3 {[%emt 0:06:24]} 25. Qxc5 {[%emt 0:06:12]} Qxc5 {[%emt 0:01:49]} 26. dxc5 {[%emt 0:00:03]} Be6 {[%emt 0:01:09]} 27. Nf3 {[%emt 0:01:31]} Bd5 {[%emt 0:02:32]} 28. Bc7 {[%emt 0:02:19]} Rc8 {[%emt 0:02:49]} 29. Bb6 {[%emt 0:03:21]} Bf6 {[%emt 0:04:15]} 30. Ne5 {[%emt 0:01:14]} Rfe8 {[%emt 0:04:59]} 31. Nd7 {[%emt 0:01:29]} Bg7 {[%emt 0:04:16]} 32. Rxe8+ {[%emt 0:06:52]} Rxe8 {[%emt 0:00:14]} 33. Bxa5 {[%emt 0:00:13]} Re2 {[%emt 0:00:23]} 34. Nb6 {[%emt 0:00:41]} Be6 {[%emt 0:00:31]} 35. c6 {[%emt 0:05:32]} bxc6 {[%emt 0:00:11]} 36. Bb4 {[%emt 0:00:02]} Be5 {[%emt 0:15:19]} 37. a5 {[%emt 0:01:08]} Bb8 {[%emt 0:00:11]} 38. a6 {[%emt 0:01:32]} Ba7 {[%emt 0:00:05]} 39. Bc5 {[%emt 0:00:16]} Re5 {[%emt 0:07:09]} 40. b4 {[%emt 0:02:32]} Rg5 {[%emt 0:01:56]} 41. Na4 {[%emt 0:00:41]} Bb8 {[%emt 0:00:58]} 42. Be3 {[%emt 0:02:10]} 1-0

[Event "Irish New Year-GM 2022"]
[Site "Dublin"]
[Date "2022.01.06"]
[Round "9.2"]
[White "Gonzalez Garcia, Jose"]
[Black "Motwani, Paul"]
[Result "1/2-1/2"]
[WhiteElo "2483"]
[BlackElo "2432"]
[Annotator "TA"]
[PlyCount "31"]
[EventDate "2022.01.02"]
[EventType "tourn"]
[EventCountry "IRL"]
[SourceTitle "playchess.com"]
[Source "ChessBase"]
[SourceQuality "1"]

{[%evp 9,31,44,48,13,33,19,48,41,54,58,64,39,47,41,25,15,82,40,30,39,46,22,35,28]} 1. d4 e6 2. c4 b6 3. e4 Bb7 4. Bd3 Nc6 5. Ne2 Nb4 6. Nbc3 {A40: Unusual replies to 1 d4.} Nxd3+ 7. Qxd3 d6 {was the old line (7...Ne7).} 8. O-O Qd7 9. f4 g6 {[#]} 10. f5 $146 ({Predecessor:} 10. a4 Bg7 11. f5 O-O-O 12. a5 gxf5 13. exf5 Nh6 14. f6 Bf8 15. d5 Ng4 16. axb6 axb6 {½-½ (27) Arbakov,V (2471)-Orlinkov,M (2328) Moscow 2000}) 10... gxf5 11. exf5 O-O-O 12. d5 {Threatening Nf4.} Ne7 {[#]} (12... Bg7 $1 $11 {keeps the balance.}) 13. Bg5 {White is more active.} (13. Ng3 $1 $16) 13... Rg8 $14 14. Bxe7 Qxe7 15. f6 Qd7 16. Qxh7 {Weighted Error Value: White=0.15 (very precise) /Black=0.11 (very precise)} 1/2-1/2

[Event "Irish New Year-GM 2022"]
[Site "Dublin"]
[Date "2022.01.06"]
[Round "9.3"]
[White "Cafolla, Peter"]
[Black "Kanyamarala, Tarun"]
[Result "0-1"]
[WhiteElo "1976"]
[BlackElo "2377"]
[Annotator "ChessBase"]
[PlyCount "168"]
[EventDate "2022.01.02"]
[EventType "tourn"]
[EventCountry "IRL"]
[SourceTitle "playchess.com"]
[Source "ChessBase"]
[SourceQuality "1"]
[TimeControl "5400+30"]

1. e4 {[%emt 0:00:06]} c5 {[%emt 0:00:14]} 2. Nf3 {[%emt 0:00:15]} Nc6 {[%emt 0:00:09]} 3. d4 {[%emt 0:00:06]} cxd4 {[%emt 0:00:07]} 4. Nxd4 {[%emt 0:00:06]} Nf6 {[%emt 0:00:10]} 5. Nc3 {[%emt 0:00:05]} d6 {[%emt 0:00:36]} 6. g3 {[%emt 0:04:12]} g6 {[%emt 0:01:16]} 7. Bg2 {[%emt 0:00:21]} Nxd4 {[%emt 0:00:16]} 8. Qxd4 {[%emt 0:00:06]} Bg7 {[%emt 0:00:09]} 9. Nd5 {[%emt 0:05:32]} O-O {[%emt 0:00:41]} 10. c3 {[%emt 0:00:20]} Be6 {[%emt 0:02:42]} 11. Qd1 {[%emt 0:01:34]} Nd7 {[%emt 0:14:30]} 12. O-O {[%emt 0:01:20]} Nb6 {[%emt 0:02:41]} 13. Re1 {[%emt 0:08:25]} Rc8 {[%emt 0:12:37]} 14. Rb1 {[%emt 0:03:14]} Nc4 {[%emt 0:02:12]} 15. Ne3 {[%emt 0:03:41]} Qa5 {[%emt 0:11:26]} 16. a3 {[%emt 0:05:15]} a6 {[%emt 0:11:33]} 17. Nxc4 {[%emt 0:01:55]} Rxc4 {[%emt 0:03:19]} 18. Bf1 {[%emt 0:03:15]} Rcc8 {[%emt 0:04:33]} 19. Be3 {[%emt 0:01:30]} Rfd8 {[%emt 0:01:10]} 20. Bd4 {[%emt 0:03:33]} Be5 {[%emt 0:03:42]} 21. Qd2 {[%emt 0:04:51]} Bb3 {[%emt 0:02:12]} 22. Qe3 {[%emt 0:01:03]} Rc6 {[%emt 0:01:20]} 23. Qg5 {[%emt 0:06:42]} Qc7 {[%emt 0:00:47]} 24. Rbc1 {[%emt 0:01:41]} Rc8 {[%emt 0:02:10]} 25. Qe3 {[%emt 0:05:00]} Bxd4 {[%emt 0:06:06]} 26. Qxd4 {[%emt 0:00:11]} e5 {[%emt 0:00:37]} 27. Qe3 {[%emt 0:01:40]} Qa5 {[%emt 0:03:16]} 28. h4 {[%emt 0:04:27]} Qb6 {[%emt 0:02:20]} 29. Qxb6 {[%emt 0:02:39]} Rxb6 {[%emt 0:00:06]} 30. Re2 {[%emt 0:00:15]} Kf8 {[%emt 0:01:57]} 31. Rd2 {[%emt 0:00:42]} Ke7 {[%emt 0:00:22]} 32. Bd3 {[%emt 0:00:19]} Rc5 {[%emt 0:01:45]} 33. Kf1 {[%emt 0:00:45]} a5 {[%emt 0:01:03]} 34. Re1 {[%emt 0:01:07]} Be6 {[%emt 0:01:31]} 35. Be2 {[%emt 0:05:06]} Bh3+ {[%emt 0:01:43]} 36. Kg1 {[%emt 0:00:07]} Bd7 {[%emt 0:00:48]} 37. Kf1 {[%emt 0:00:37]} Bc6 {[%emt 0:01:02]} 38. Bd3 {[%emt 0:00:59]} Rb3 {[%emt 0:00:42]} 39. Ree2 {[%emt 0:02:18]} Bd7 {[%emt 0:00:29]} 40. f3 {[%emt 0:00:13]} Rc8 {[%emt 0:01:50]} 41. Ke1 {[%emt 0:00:36]} Rb6 {[%emt 0:00:49]} 42. Kf2 {[%emt 0:02:04]} h5 {[%emt 0:00:15]} 43. Ke1 {[%emt 0:23:47]} Rc5 {[%emt 0:00:19]} 44. Re3 {[%emt 0:00:00]} Rbc6 {[%emt 0:00:29]} 45. Kf2 {[%emt 0:00:00]} Rc8 {[%emt 0:00:12]} 46. Ree2 {[%emt 0:00:00]} Rf8 {[%emt 0:00:39]} 47. Ke1 {[%emt 0:00:00]} f5 {[%emt 0:00:34]} 48. Rg2 {[%emt 0:00:00]} Rf6 {[%emt 0:01:17]} 49. Rde2 {[%emt 0:00:00]} Kf7 {[%emt 0:00:55]} 50. Kd2 {[%emt 0:00:00]} f4 {[%emt 0:00:42]} 51. Ref2 {[%emt 0:00:00]} Rc8 {[%emt 0:02:19]} 52. Be2 {[%emt 0:00:00]} Rh8 {[%emt 0:00:23]} 53. Bc4+ {[%emt 0:00:00]} Kg7 {[%emt 0:00:14]} 54. Rg1 {[%emt 0:00:00]} Rhf8 {[%emt 0:00:59]} 55. Be2 {[%emt 0:00:00]} fxg3 {[%emt 0:00:36]} 56. Rxg3 {[%emt 0:00:00]} Rf4 {[%emt 0:00:08]} 57. Rfg2 {[%emt 0:00:00]} R8f6 {[%emt 0:00:13]} 58. Rh2 {[%emt 0:00:00]} Rf8 {[%emt 0:00:42]} 59. Rhg2 {[%emt 0:00:00]} Be8 {[%emt 0:00:17]} 60. Rh2 {[%emt 0:00:00]} Bf7 {[%emt 0:00:09]} 61. Rg1 {[%emt 0:00:00]} d5 {[%emt 0:00:43]} 62. Ke3 {[%emt 0:00:00]} Kf6 {[%emt 0:01:19]} 63. Bd3 {[%emt 0:00:00]} Rg8 {[%emt 0:00:32]} 64. exd5 {[%emt 0:00:00]} Bxd5 {[%emt 0:00:26]} 65. Be4 {[%emt 0:00:00]} Bxe4 {[%emt 0:00:32]} 66. fxe4 {[%emt 0:00:00]} Rd8 {[%emt 0:00:55]} 67. Rhg2 {[%emt 0:00:00]} Rg8 {[%emt 0:00:12]} 68. Rh1 {[%emt 0:00:00]} g5 {[%emt 0:00:10]} 69. hxg5+ {[%emt 0:00:24]} Rxg5 {[%emt 0:00:05]} 70. Rxg5 {[%emt 0:01:32]} Kxg5 {[%emt 0:00:03]} 71. b4 {[%emt 0:00:27]} a4 {[%emt 0:00:33]} 72. Rg1+ {[%emt 0:00:42]} Rg4 {[%emt 0:00:11]} 73. Rf1 {[%emt 0:00:10]} Rg3+ {[%emt 0:00:32]} 74. Kd2 {[%emt 0:01:48]} h4 {[%emt 0:00:17]} 75. Rf7 {[%emt 0:00:41]} b5 {[%emt 0:00:58]} 76. Rf5+ {[%emt 0:00:41]} Kg4 {[%emt 0:00:11]} 77. Rf8 {[%emt 0:03:39]} h3 {[%emt 0:00:27]} 78. Rh8 {[%emt 0:00:30]} Kf3 {[%emt 0:00:28]} 79. c4 {[%emt 0:00:13]} bxc4 {[%emt 0:00:37]} 80. b5 {[%emt 0:00:06]} Kg2 {[%emt 0:00:21]} 81. b6 {[%emt 0:00:30]} Rb3 {[%emt 0:01:42]} 82. Rg8+ {[%emt 0:00:22]} Kf3 {[%emt 0:00:26]} 83. Rg6 {[%emt 0:01:43]} h2 {[%emt 0:00:56]} 84. Rh6 {[%emt 0:00:08]} Rxb6 {[%emt 0:01:34]} 0-1

[Event "Irish New Year-GM 2022"]
[Site "Dublin"]
[Date "2022.01.06"]
[Round "9.4"]
[White "Fitzsimons, David"]
[Black "Stefansson, Vignir Vatnar"]
[Result "1/2-1/2"]
[WhiteElo "2337"]
[BlackElo "2457"]
[Annotator "RC"]
[PlyCount "77"]
[EventDate "2022.01.02"]
[EventType "tourn"]
[EventCountry "IRL"]
[SourceTitle "playchess.com"]
[Source "ChessBase"]
[SourceQuality "1"]
[TimeControl "5400+30"]

1. e4 {[%emt 0:00:01]} e6 {[%emt 0:00:49]} 2. d4 {[%emt 0:00:10]} d5 {[%emt 0:00:06]} 3. Nc3 {[%emt 0:00:15]} Bb4 {[%emt 0:01:11]} 4. exd5 {[%emt 0:00:11]} exd5 {[%emt 0:00:08]} 5. Bd3 {[%emt 0:00:05]} Nc6 {[%emt 0:00:07]} 6. Nf3 {[%emt 0:00:10]} Bg4 {[%emt 0:00:13]} 7. O-O {[%emt 0:00:21]} Nge7 {[%emt 0:02:14]} 8. h3 {[%emt 0:00:23]} Bh5 {[%emt 0:01:21]} 9. a3 {[%emt 0:03:04]} Bxc3 {[%emt 0:06:04]} 10. bxc3 {[%emt 0:00:06]} Qd7 {[%emt 0:00:19]} 11. Re1 {[%emt 0:00:40]} O-O-O {[%emt 0:02:42]} 12. a4 {[%emt 0:00:43]} Rhe8 {[%emt 0:02:00]} 13. Ba3 {[%emt 0:04:21]} f6 {[%emt 0:15:18]} 14. Bb5 {[%emt 0:05:26]} Ng8 {[%emt 0:05:58]} 15. Qd3 {[%emt 0:06:10]} Bg6 {[%emt 0:03:28]} 16. Qd2 {[%emt 0:00:06]} a6 {[%emt 0:00:12]} 17. Bf1 {[%emt 0:02:07]} Na5 {[%emt 0:01:29]} 18. Reb1 {[%emt 0:19:02]} Ne7 {[%emt 0:03:06]} 19. Bxe7 {[%emt 0:04:48]} Rxe7 {[%emt 0:00:43]} 20. Nh4 {[%emt 0:09:22]} Be4 {[%emt 0:06:47]} 21. f3 {[%emt 0:01:24]} Bg6 {[%emt 0:03:23]} 22. Nxg6 {[%emt 0:00:49]} hxg6 {[%emt 0:00:06]} 23. Qd3 {[%emt 0:00:23]} Qe8 {[%emt 0:07:28]} 24. Qd2 {[%emt 0:04:22]} Rd6 {[%emt 0:04:14]} 25. h4 {[%emt 0:04:14]} Rde6 {[%emt 0:01:10]} 26. c4 {[%emt 0:06:46]} Nxc4 {[%emt 0:00:39]} 27. Bxc4 {[%emt 0:00:07]} dxc4 {[%emt 0:00:06]} 28. d5 {[%emt 0:00:05]} Re5 {[%emt 0:05:25]} 29. Qd4 {[%emt 0:04:28]} Re1+ {[%emt 0:10:52]} 30. Kh2 {[%emt 0:00:15]} Rxb1 {[%emt 0:00:14]} 31. Rxb1 {[%emt 0:00:05]} Re2 {[%emt 0:00:03]} 32. Qxc4 {[%emt 0:01:27]} Qe5+ {[%emt 0:03:18]} 33. Kh1 {[%emt 0:00:07]} Re1+ {[%emt 0:00:43]} 34. Rxe1 {[%emt 0:00:05]} Qxe1+ {[%emt 0:00:02]} 35. Kh2 {[%emt 0:00:08]} Qe5+ {[%emt 0:00:10]} 36. f4 {[%emt 0:02:18]} Qe1 {[%emt 0:01:51]} 37. d6 {[%emt 0:02:13]} Qxh4+ {[%emt 0:00:07]} 38. Kg1 {[%emt 0:00:04]} Qe1+ {[%emt 0:00:05]} 39. Kh2 {[%emt 0:00:03]} 1/2-1/2

[Event "Irish New Year-GM 2022"]
[Site "Dublin"]
[Date "2022.01.06"]
[Round "9.5"]
[White "Collins, Sam E."]
[Black "O`Gorman, Tom"]
[Result "1-0"]
[WhiteElo "2456"]
[BlackElo "2350"]
[Annotator "TA"]
[PlyCount "145"]
[EventDate "2022.01.02"]
[EventType "tourn"]
[EventCountry "IRL"]
[SourceTitle "playchess.com"]
[Source "ChessBase"]
[SourceQuality "1"]

{[%evp 13,145,0,0,18,8,7,30,20,20,28,37,0,0,-7,-6,-14,-31,-32,-15,-23,-31,-43,-35,-27,0,-58,-43,-43,-43,-43,-48,-67,-78,-68,-22,-27,0,8,0,0,0,0,0,0,17,0,26,0,0,0,0,0,0,0,14,13,13,14,15,0,1,1,1,0,16,4,90,58,92,47,47,0,85,66,92,85,85,85,180,145,397,394,455,427,483,545,766,737,1832,1595,1688,1555,1973,1810,29966,29967,29970,29970,29976,29977,29975,29978,29978,29979,29979,29980,29980,29982,29982,29983,29983,29984,29984,29985,29985,29986,29985,29986,29986,29987,29987,29988,29988,29989,29990,29990,29990,29990,29990,29991,29992,29993,29994,29995]} 1. e4 {[%cal Be2e4,Be4e5][%mdl 32]} c5 2. c3 Nf6 3. e5 Nd5 4. Nf3 e6 5. d4 cxd4 6. cxd4 d6 7. Bc4 Be7 8. O-O {B22: Sicilian: 2 c3.} O-O 9. Qe2 Bd7 10. Nc3 {White has an edge.} Nxc3 11. bxc3 Bc6 12. Bf4 (12. exd6 {keeps more tension.} Bxd6 13. Ng5 h6 14. Nxf7 Rxf7 15. Qxe6 Qf6 16. Qxf6 gxf6 17. a4) 12... Qc7 13. Bd3 Nd7 14. Rfe1 {[#]} Bxf3 $146 ({Predecessor:} 14... Rfe8 15. Ng5 Bxg5 16. Bxg5 dxe5 17. dxe5 b6 18. Qh5 Nf8 19. Re3 Ng6 20. Rae1 h6 21. Bxh6 gxh6 22. Qxh6 {1-0 (30) Amador Garcia,I (2032)-Sanabria Taskila,J (1836) Las Palmas 2019}) 15. Qxf3 dxe5 16. dxe5 Rfd8 17. Rac1 {[%cal Oh2h4]} Nf8 18. Be4 Rd7 19. Bg3 ({White should try} 19. Be3 $11) 19... Rad8 20. h4 b6 21. h5 Bg5 22. Bf4 Bxf4 23. Qxf4 f5 (23... Rd2 $15) 24. Bc2 $11 Qxc3 (24... h6 {feels hotter.} 25. Bb3 Kh8 26. Re3 Rd2 27. Rce1 Qe7) 25. Bxf5 Qd2 26. Qxd2 Rxd2 27. Bc2 Nd7 28. Kf1 h6 29. Re2 Nc5 30. Rxd2 (30. g3 {looks sharper.} Kf8 31. Bg6 R2d5 32. Rc3 Rd1+ 33. Kg2) 30... Rxd2 {[%mdl 4096] Endgame KRB-KRN} 31. Ke1 Rd5 32. f4 Rd4 33. g3 Kf7 34. Rd1 Rc4 $1 35. Kd2 Ke7 36. Re1 Kd7 37. Re3 Kc6 38. Rc3 Rd4+ 39. Ke3 Rd8 (39... Rb4 $1 $11) 40. a4 Rc8 41. Be4+ ({White should play} 41. Bd1 $16) 41... Kd7 $14 42. Bc2 (42. Bd3 $14 {is superior.}) 42... Kc7 (42... Kc6 $1 $11 {keeps the balance.}) 43. g4 $16 {[%cal Oa4a5]} Re8 44. Rc4 Kb7 45. Rd4 Ka6 (45... Kc7 $16) 46. Rd6 Ka5 $2 {[%mdl 8192] [#] Black cannot hold the game after this.} (46... Kb7 $16 {might work better.} 47. Be4+ Kb8) 47. Kd4 $18 Kb4 48. f5 exf5 49. gxf5 {[%cal Bg4f5,Bf5e6,Be6e7][%mdl 32]} Rc8 50. e6 Nxe6+ 51. fxe6 Rxc2 {KR-KR} 52. Rd5 Rc8 53. Ke5 Kxa4 54. e7 {White mates.} Re8 55. Ke6 b5 56. Rd8 Rxe7+ 57. Kxe7 {KR-KP} b4 58. Kf7 b3 59. Kxg7 a5 60. Kxh6 {KR-KPP} b2 61. Rb8 Ka3 62. Kg5 a4 63. h6 Ka2 {[#]} 64. Rxb2+ $3 {[%mdl 512]} Kxb2 {KP-KP} 65. h7 a3 66. h8=Q+ Kb1 67. Qh1+ Kb2 68. Qg2+ Kb1 69. Qf1+ Kb2 70. Qe2+ Kb1 71. Qe1+ Kb2 72. Qb4+ Ka2 73. Kf4 {Weighted Error Value: White=0.09 (flawless) /Black=0.35} 1-0